Silences (Record no. 991138)

MARC details
000 -LEADER
fixed length control field 00678nam a2200253Ia 4500
003 - CONTROL NUMBER IDENTIFIER
control field OSt
005 - DATE AND TIME OF LATEST TRANSACTION
control field 20221005083517.0
008 - FIXED-LENGTH DATA ELEMENTS--GENERAL INFORMATION
fixed length control field ORI
020 ## - INTERNATIONAL STANDARD BOOK NUMBER
International Standard Book Number 0706944372 (hbk)
037 ## - SOURCE OF ACQUISITION
Terms of availability Textual
040 ## - CATALOGING SOURCE
Original cataloging agency CRL
Transcribing agency CRL
Language of cataloging ORI
041 ## - LANGUAGE CODE
Source of code ORI
Language code of text/sound track or separate title ORI
100 ## - MAIN ENTRY--PERSONAL NAME
Personal name Das Jagannath Prasad
9 (RLIN) 59118
245 #0 - TITLE STATEMENT
Title Silences
Remainder of title A book of poems
260 ## - PUBLICATION, DISTRIBUTION, ETC.
Place of publication, distribution, etc. New Delhi
Name of publisher, distributor, etc. Vikas Publishing House India
Date of publication, distribution, etc. 1989
300 ## - PHYSICAL DESCRIPTION
Extent 55p
Dimensions cm.
650 ## - SUBJECT ADDED ENTRY--TOPICAL TERM
Topical term or geographic name entry element ORIYA LITERATURE
9 (RLIN) 27692
942 ## - ADDED ENTRY ELEMENTS (KOHA)
Classification part O1591,IN36,SI, 111M9
Koha item type Textual
Source of classification or shelving scheme
Holdings
Withdrawn status Lost status Damaged status Not for loan Home library Current library Date acquired Total Checkouts Full call number Barcode Date last seen Price effective from Koha item type
        Central Library Central Library 2022-10-05   O1591,IN36,SI 111M9 CL1513286 2022-10-05 2022-10-05 Textual
Copyright @ Delhi University Library System